OPAC | Catalogo Arcigay delle biblioteche LGBTQIA+

Il Catalogo di Arcigay delle Biblioteche LGBTQIA+ è un servizio fornito grazie alla collaborazione tra Arcigay nazionale e le associazioni locali aderenti al progetto che conservano e rendono pubbliche biblioteche a tema LGBTQIA+.

Il gioco di Gerald / (Record no. 13225)

MARC details
000 -LEADER
campo di controllo lung. fissa 01521nam a22002777i 4500
001 - Numero di controllo
campo di controllo IT\ICCU\LO1\0250463
003 - Identificatore del numero di controllo
campo di controllo ItRI
005 - Data e orario dell'ultima transazione
campo di controllo 20260115231903.0
008 - Elementi di lunghezza fissa--Informazione generale
campo di controllo lung. fissa 930202s1993 it |||||| ||||| |||||c
020 ## - ISBN (International Standard Book Number)
ISBN (International Standard Book Number) 882001498X
040 ## - Fonte della catalogazione
Lingua della catalogazione ita
Agenzia che fa la trascrizione importazione bologna sebina
041 #7 - Codice di lingua
Codice di lingua del testo/traccia sonora o titolo separato ita
Fonte del codice ISO-639-2
082 ## - Numero di classificazione Decimale Dewey
Numero di classificazione 813.54
-- NARRATIVA AMERICANA IN LINGUA INGLESE. 1945-
Numero dell'edizione 19
100 1# - Accesso principale -- nome di persona
Nome di persona King, Stephen,
Date associate al nome (1947- )
Numero del record di authority o numero standard IT\ICCU\CFIV\000568
Relazione: aut
240 10 - Titolo uniforme
Titolo uniforme Geraldʼs game.
-- IT\ICCU\BVE\0042827
9 (RLIN) King, Stephen <1947- >
245 13 - Formulazione del titolo
Titolo Il gioco di Gerald /
Formulazione di responsabilità, ecc. Stephen King ; traduzione di Tullio Dobner.
250 ## - Formulazione di edizione
Formulazione di edizione 4. ed
260 ## - Pubblicazione, distribuzione, ecc. (stampa)
Luogo di pubblicazione, distribuzione, ecc. Milano :
Nome dell'editore, distributore, ecc. Sperling & Kupfer,
Data di pubblicazione, distribuzione, ecc. 1993
300 ## - Descrizione fisica
Estensione 367 p. :
Altre particolarità fisiche 1 c. geogr. ;
Dimensioni 22 cm.
520 ## - Riassunto, ecc.
Nota di riassunto, ecc. In una casa isolata su un lago, Jessie si piega all'ennesima fantasia sessuale del marito Gerald, che questa volta l'ammanetta al massiccio letto in legno. Ma quando umiliata, lei lo allontana con un calcio, l'uomo si affloscia inerte, stroncato da un infarto. Il tempo passa e Jessie, immobilizzata e dolorante, sembra votata a una morte lenta, resa ancora più atroce dalla comparsa di un affamato cane randagio e da un'ombra misteriosa e irreale che fa capolino nella stanza...
700 1# - Accesso aggiunto--nome di persona
Nome di persona Dobner, Tullio
Numero del record di authority o numero standard IT\ICCU\CFIV\017568
790 1# -
-- Bachman, Richard
-- IT\ICCU\CFIV\019520
-- King, Stephen (1947- )
790 1# -
-- Evans, Beryl
-- (pseudonimo)
-- IT\ICCU\CFIV\336284
-- King, Stephen (1947- )
830 #0 - Accesso aggiunto di serie--titolo uniforme
Titolo uniforme Pandora ;
Numero del volume/designazione di sequenza 628
Numero del record di authority o numero standard IT\ICCU\CFI\0000150
942 ## - Dati aggiuntivi (Koha)
Fonte della classificazione o dello schema di collocazione (segnatura) Classificazione decimale Dewey
Tipo copia default (Koha) Libri
Nasconto in Opac No
Holdings
Status ritirato Status smarrito: Status danneggiato: Escluso dal prestito Biblioteca di appartenenza Biblioteca corrente Data di acquisti Numero d'inventario Totale prestiti Collocazione Codice a barre Data ultima revisione Prezzo effettivo da Tipo copia default (Koha) Nota pubblica
        BOLOGNA | Centro di Documentazione "Flavia Madaschi" Cassero LGBTQIA+ Center BOLOGNA | Centro di Documentazione "Flavia Madaschi" Cassero LGBTQIA+ Center 15/01/2026 9238   DOC 813.54 KIN BO9238 15/01/2026 15/01/2026 Libri 1 v.
Se cerchi informazioni su Arcigay, le puoi trovare nel nostro sito: www.arcigay.it